01527nam a2200421 i 450000100060000000300080000600500170001400600190003100700150005000800410006502000180010602000270012403500220015104000310017305000220020408000180022608200200024410000390026424500630030326400640036630000400043033600310047033700330050133800430053449000250057750000230060258800680062559001570069365000200085065000230087065000240089365000250091765500250094279700180096783000260098585600770101199900170108843472FlNmELB20241216222128.0m o d | cr cnu||||||||160308s2006 mx o 001 1 spa d z9789707017566 a9781512923711 (e-book) a(OCoLC)1198303344 aFINmELBbspaerdacFINmELB 4aPQ7251bG215 2006 a821.134.272-10 a861.00809722231 aGarcía Cuevas, Fernando Alberto.10aAntología poética /cFernando Alberto García Cuevas. 1aMéxico D.F. :bEditorial Miguel Ángel Porrúa,c[2006] a1 recurso en línea (70 páginas) atextobtxt2rdacontent/spa acomputadorabc2rdamedia/spa arecurso en líneabcr2rdacarrier/spa1 aColección Poesía aContiene índice. aDescripción basada en el editor de metadatos y otras fuentes. aRecurso electronico. Santa Fe, Arg. : elibro, 2016. Disponible via World Wide Web. El acceso puede ser limitado para las bibliotecas afiliadas a elibro. 0aMexican poetry. 4aPoesía mexicana. 0aMexican literature. 4aLiteratura mexicana. 4aLibros electronicos.2 aelibro, Corp. 0aColección Poesía.40uhttps://elibro.net/ereader/politecnicointernacional/75303zClick to View c43472d43472